000 00780cad a22002055a 4500
001 E154982
008 120214e20120213xxk s000 0 eng d
035 _a(Sirsi) u154982
041 0 _aeng
110 2 _aScotland
_bScottish Government
_95344
245 0 0 _aHelping farmers get a foot in the door
_h[electronic resource]
260 _c2012
490 _aScottish Government News Release
_v13 February 2012
520 _aAnnounces measures to help new entrants to the farming industry, including a new entrants' forum and an advisory service.
590 _aKA
651 4 _aScotland
_y1999-
690 _aRural
_96268
856 4 0 _uhttps://www.scotland.gov.uk/News/Releases/2012/02/newentrants13022012
_zView the news release free of charge at www.scotland.gov.uk
942 _n0
999 _c83769
_d83769